Statistics for UEFA Champions League - Winning coaches

Click here to take the quiz!

General Stats

  • This quiz has been taken 59 times
  • The average score is 13 of 20

Answer Stats

Answer % Correct
Jürgen Klopp
98%
Zinedine Zidane
98%
José Mourinho
96%
Josep Guardiola
94%
Alex Ferguson
92%
Carlo Ancelotti
85%
Rafael Benitez
81%
Roberto Di Matteo
77%
Luis Enrique
71%
Johan Cruyff
71%
Jupp Heynckes
65%
Frank Rijkaard
54%
Fabio Capello
52%
Vicente del Bosque
48%
Louis van Gaal
48%
Marcello Lippi
42%
Ottmar Hitzfeld
40%
Arrigo Sacchi
31%
Raymond Goethals
13%
Ljupko Petrović
8%

Score Distribution

Percentile by Number Answered

Percent of People with Each Score

Your Score History

You have not taken this quiz